เปลี่ยนเป็นภาษาไทย

Change to English
 แสดงรายละเอียดบรรณานุกรม
  กลับหน้าหลัก

Brief Record : Get Marc (ISO 2709) : E-mail record : QR code กลับ
E-books : เกี่ยวกับ Collections
LEADER 00000nam 2200000uu 4500
001    13399128782
003     BCNR
008    160728s2568 th a 000 0 tha d
020    ^a9786161128760
041    ^atha
060 04 ^aWA100^bน135ก 2568
100 0  ^aนงณภัทร รุ่งเนย
245 10 ^aการประเมินสุขภาพแบบองค์รวม =^bHealth assessment : a holistic approach /^cนงณภัทร รุ่งเนย
246 31 ^aHealth assessment : a holistic approach
250    ^aพิมพ์ครั้งที่ 4
260    ^aนนทบุรี :^bโครงการสวัสดิการวิชาการ สถาบันพระบรมราชชนก กระทรวงสาธารณสุข,^c2568
300    ^a208 หน้า :^bภาพประกอบ, ตาราง ;^c26 ซม.
505 0  ^aบทที่ 1 แนวคิดและหลักการประเมินสุขภาพแบบองค์รวม -- บทที่ 2 การซักประวัติ -- บทที่ 3 การตรวจร่างกาย -- บทที่ 4 การแปลผลการตรวจทางห้องปฏิบัติการ -- บทที่ 5 การเขียนบันทึกรายงานการประเมินสุขภาพ
650  7 ^aการประเมินทางการพยาบาล
650  7 ^aภาวะสุขภาพ
650  7 ^aอนามัย
650  7 ^aสุขภาพ
710 2  ^aกระทรวงสาธารณสุข. ^bสถาบันพระบรมราชชนก.^bโครงการสวัสดิการวิชาการ
999    ^aบรรณารักษ์
รายการนี้ยังไม่มีแท็ก
คุณยังไม่ได้ล็อกอิน คุณสามารถมีกิจกรรมร่วมกับเว็บไซต์ได้ แต่ต้องล็อกอินก่อน ::
  ล็อกอิน
ลำดับที่ ประเภท เลขเรียก/บาร์โค้ด สถานที่ สถานะ
1. หนังสือ
หนังสือ
WA100 น135ก 2568 c.1 
  Barcode: 087709
ห้องสมุดสาขาหลัก
►หนังสือทั่วไป
On Shelf
*รอนำขึ้นชั้น
2. หนังสือ
หนังสือ
WA100 น135ก 2568 c.2 
  Barcode: 087710
ห้องสมุดสาขาหลัก
►หนังสือทั่วไป
On Shelf
*รอนำขึ้นชั้น
3. หนังสือ
หนังสือ
WA100 น135ก 2568 c.3 
  Barcode: 087711
ห้องสมุดสาขาหลัก
►หนังสือทั่วไป
On Shelf
*รอนำขึ้นชั้น
4. หนังสือ
หนังสือ
WA100 น135ก 2568 c.4 
  Barcode: 087712
ห้องสมุดสาขาหลัก
►หนังสือทั่วไป
On Shelf
*รอนำขึ้นชั้น
5. หนังสือ
หนังสือ
WA100 น135ก 2568 c.5 
  Barcode: 087713
ห้องสมุดสาขาหลัก
►หนังสือทั่วไป
On Shelf
*รอนำขึ้นชั้น
6. หนังสือ
หนังสือ
WA100 น135ก 2568 c.6 
  Barcode: 087714
ห้องสมุดสาขาหลัก
►หนังสือทั่วไป
On Shelf
*รอนำขึ้นชั้น
7. หนังสือ
หนังสือ
WA100 น135ก 2568 c.7 
  Barcode: 087715
ห้องสมุดสาขาหลัก
►หนังสือทั่วไป
On Shelf
*รอนำขึ้นชั้น
8. หนังสือ
หนังสือ
WA100 น135ก 2568 c.8 
  Barcode: 087716
ห้องสมุดสาขาหลัก
►หนังสือทั่วไป
On Shelf
*รอนำขึ้นชั้น
9. หนังสือ
หนังสือ
WA100 น135ก 2568 c.9 
  Barcode: 087717
ห้องสมุดสาขาหลัก
►หนังสือทั่วไป
On Shelf
*รอนำขึ้นชั้น
10. หนังสือ
หนังสือ
WA100 น135ก 2568 c.10 
  Barcode: 087718
ห้องสมุดสาขาหลัก
►หนังสือทั่วไป
On Shelf
*รอนำขึ้นชั้น
   [แสดง 10/10 รายการ]

รายการใกล้เคียง
    ผู้แต่ง [นงณภัทร รุ่งเนย]

    หัวเรื่อง [การประเมินทางการพยาบาล]
    หัวเรื่อง [ภาวะสุขภาพ]
    หัวเรื่อง [อนามัย]
    หัวเรื่อง [สุขภาพ]

BibComment


ยังไม่เคยถูกคอมเมนท์

คอมเมนท์ทรัพยากรรายการนี้
  คอมเมนท์: การประเมินสุขภาพ..
Bib 13399128782

 
 
 

 Union Library Management : ULibM
Copyright 2026. All Rights Reserved.